Régimen local / (Record no. 125741)
[ view plain ]
| 000 -LEADER | |
|---|---|
| campo de control de longitud fija | 01293nam a2200277 4500 |
| 001 - NÚMERO DE CONTROL | |
| campo de control | 125741 |
| 003 - IDENTIFICADOR DE NÚMERO DE CONTROL | |
| campo de control | ES-MaACL |
| 005 - FECHA Y HORA DE LA ÚLTIMA TRANSACCIÓN | |
| campo de control | 20250404192557.0 |
| 007 - CAMPO FIJO DE DESCRIPCIÓN FÍSICA--INFORMACIÓN GENERAL | |
| campo de control de longitud fija | t| |
| 008 - DATOS DE LONGITUD FIJA--INFORMACIÓN GENERAL | |
| campo de control de longitud fija | 070214s1951 sp r ||||1| spa d |
| 245 00 - MENCIÓN DEL TÍTULO | |
| Título | Régimen local / |
| Mención de responsabilidad, etc. | Abella ; comentado, concordado y extensamente anotado por la redacción de El consultor de los Ayuntamientos. |
| 250 ## - MENCION DE EDICION | |
| Mención de edición | 2ª ed. |
| 260 ## - PUBLICACIÓN, DISTRIBUCIÓN, ETC. | |
| Lugar de publicación, distribución, etc. | Madrid : |
| Nombre del editor, distribuidor, etc. | [s. n.], |
| Fecha de publicación, distribución, etc. | 1951 ( |
| Fabricante | Tip. Florez) |
| 300 ## - DESCRIPCIÓN FÍSICA | |
| Extensión | 1327 p. ; |
| Dimensiones | 22 cm. |
| 505 8# - NOTA DE CONTENIDO CON FORMATO | |
| Nota de contenido con formato | Contiene: I. Ley de Bases de 1945 ; II. Texto articulado de la Ley ; III. Disposiciones complementarias |
| 510 ## - NOTA DE CITAS O REFERENCIAS BIBLIOGRÁFICAS | |
| Nombre de la fuente | CCPB, |
| Localización dentro de la fuente | 001087088-1<br/> |
| 651 #0 - PUNTO DE ACCESO ADICIONAL DE MATERIA--NOMBRE GEOGRÁFICO | |
| 9 (RLIN) | 222108 |
| Nombre geográfico | España- |
| Subdivisión general | Legislación |
| 700 1# - ENTRADA AGREGADA--NOMBRE PERSONAL | |
| Nombre de persona | Abella y Fuertes, Joaquín, |
| 9 (RLIN) | 18056 |
| 710 2# - ENTRADA AGREGADA--NOMBRE DE ENTIDAD CORPORATIVA | |
| Nombre de entidad corporativa o nombre de jurisdicción como elemento de entrada | El Consultor de los Ayuntamientos y de los Juzgados. |
| 9 (RLIN) | 3454 |
| 740 0# - ENTRADA AGREGADA--TÍTULO RELACIONADO/ANALÍTICO NO CONTROLADO | |
| Título relacionado o analítico no controlado | Ley de Bases de 1945. |
| 852 ## - LOCALIZACIÓN | |
| Ubicación | ES-MaACL |
| Número de control de estantería | D-6571 |
| Sublocalización o colección | R.31304 |
| -- | R.M.6162 |
| itemnumber | 130376 |
| Ubicación en estantería | Sala Valle Inclán |
| Marcas de propiedad | Sello en tinta azul de la Biblioteca del Ateneo de Madrid |
| Anotaciones manuscritas | Anotación manuscrita en portada: "11" |
| Encuadernación | Encuadernación en tela roja |
| Nota libre | En hoja de guarda: "15. NOV. 1951" |
| -- | En portada: "15. NOV. 1951" |
| 942 ## - ELEMENTOS DE ENTRADA SECUNDARIOS (KOHA) | |
| Fuente del sistema de clasificación o colocación | Clasificación decimal universal |
| Tipo de ítem Koha | Libro impreso |
| Estatus retirado | Estado de pérdida | Estado de daño | No para préstamo | Biblioteca de origen | Biblioteca actual | Ubicación en estantería | Fecha de adquisición | Fuente de adquisición | Total de préstamos | Signatura topográfica completa | Código de barras | Visto por última vez | Precio de reemplazo | Tipo de ítem Koha |
|---|---|---|---|---|---|---|---|---|---|---|---|---|---|---|
| Biblioteca del Ateneo de Madrid | Biblioteca del Ateneo de Madrid | Sala Valle Inclán | 17/01/2008 | D-6571 | 901130985 | 23/02/2023 | 23/02/2023 | Libro impreso |
